|
|
|
|
| LEADER |
00000cam a22000004a 4500 |
| 001 |
musev2_65339 |
| 003 |
MdBmJHUP |
| 005 |
20230905050727.0 |
| 006 |
m o d |
| 007 |
cr||||||||nn|n |
| 008 |
180325s1981 onc o 00 0 eng d |
| 020 |
|
|
|a 9781772821000
|
| 020 |
|
|
|z 1772821004
|
| 035 |
|
|
|a (OCoLC)1132225513
|
| 040 |
|
|
|a MdBmJHUP
|c MdBmJHUP
|
| 041 |
0 |
|
|a eng
|b fre
|
| 245 |
0 |
0 |
|a Contributions to Physical Anthropology, 1978-1980 /
|c Jerome S. Cybulski, editor.
|
| 264 |
|
1 |
|a Ottawa :
|b National Museums of Canada,
|c 1981.
|
| 264 |
|
3 |
|a Baltimore, Md. :
|b Project MUSE,
|c 2020
|
| 264 |
|
4 |
|c ©1981.
|
| 300 |
|
|
|a 1 online resource (208 pages):
|b illustrations
|
| 336 |
|
|
|a text
|b txt
|2 rdacontent
|
| 337 |
|
|
|a computer
|b c
|2 rdamedia
|
| 338 |
|
|
|a online resource
|b cr
|2 rdacarrier
|
| 490 |
0 |
|
|a Mercury series =
|a Collection mercure,
|x 0317-2244
|
| 490 |
0 |
|
|a Paper / Archaeological Survey of Canada =
|a Dossier / Commission archeologique du Canada,
|x 0316-1854 ;
|v no. 106
|
| 500 |
|
|
|a Summary in French.
|
| 505 |
0 |
|
|a Synthesis of mandibular torus / N.S. Ossenburg -- Cancer in an Eskimo skeleton / John E. Lobdell -- Skeletal and cultural remains from hill site, British Columbia / Roberta L. Hall and James C. Haggarty -- Spondylolysis in Upper Puget Sound skeletons / John K. Lundy -- Klippel-Feil syndrome in a prehistoric population / William D. Wade -- Skeletons from Blue Jackets Creek, Queen Charlotte Islands / Jeffrey S. Murray -- Multiple myeloma and metastatic carcinoma in British Columbia / Jerome S. Cybulski and L. Bradley Pett.
|
| 588 |
|
|
|a Description based on print version record.
|
| 650 |
|
7 |
|a Physical anthropology.
|2 fast
|0 (OCoLC)fst01062357
|
| 650 |
|
7 |
|a Indians of North America
|x Anthropometry.
|2 fast
|0 (OCoLC)fst00969644
|
| 650 |
|
7 |
|a Antiquities.
|2 fast
|0 (OCoLC)fst00810745
|
| 650 |
|
0 |
|a Physical anthropology.
|
| 650 |
|
0 |
|a Indians of North America
|x Anthropometry
|z Canada.
|
| 651 |
|
7 |
|a Canada.
|2 fast
|0 (OCoLC)fst01204310
|
| 651 |
|
0 |
|a Canada
|x Antiquities.
|
| 655 |
|
7 |
|a Electronic books.
|2 local
|
| 700 |
1 |
|
|a Cybulski, Jerome S.
|
| 710 |
2 |
|
|a Project Muse.
|e distributor
|
| 830 |
|
0 |
|a Book collections on Project MUSE.
|
| 856 |
4 |
0 |
|z Texto completo
|u https://projectmuse.uam.elogim.com/book/65339/
|
| 945 |
|
|
|a Project MUSE - Custom Collection
|
| 945 |
|
|
|a Project MUSE - Archive Complete Supplement VIII
|
| 945 |
|
|
|a Project MUSE - Archive Archaeology and Anthropology Supplement VIII
|